| 000 -CABECERA |
| campo de control de longitud fija |
00656nam a22002057a 4500 |
| 005 - FECHA Y HORA DE LA ÚLTIMA TRANSACCIÓN |
| campo de control |
20250919160210.0 |
| 008 - DATOS DE LONGITUD FIJA--INFORMACIÓN GENERAL |
| campo de control de longitud fija |
250919s1972 es ||||fr|||| 00| 0 spa d |
| 040 ## - FUENTE DE LA CATALOGACIÓN |
| Centro catalogador/agencia de origen |
CENDOC CAAAP |
| Lengua de catalogación |
spa |
| Centro/agencia transcriptor |
CAAAP |
| 041 ## - CÓDIGO DE LENGUA |
| Código de lengua del texto/banda sonora o título independiente |
spa |
| 050 ## - SIGNATURA TOPOGRÁFICA DE LA BIBLIOTECA DEL CONGRESO |
| Número de clasificación |
P 325 |
| Número de documento/Ítem |
.M38 |
| 100 1# - ENTRADA PRINCIPAL--NOMBRE DE PERSONA |
| 9 (RLIN) |
5483 |
| Nombre personal |
Mounin, Georges |
| Término indicativo de función/relación |
autor |
| 245 1# - MENCIÓN DE TÍTULO |
| Título |
Introducción a la semiología / |
| Mención de responsabilidad, etc. |
Georges, Mounin |
| 250 ## - MENCIÓN DE EDICIÓN |
| Mención de edición |
1ra edición |
| 260 #1 - PUBLICACIÓN, DISTRIBUCIÓN, ETC. |
| Lugar de publicación, distribución, etc. |
Barcelona, España : |
| Nombre del editor, distribuidor, etc. |
Editorial Anagrama, |
| Fecha de publicación, distribución, etc. |
1972 |
| 300 ## - DESCRIPCIÓN FÍSICA |
| Extensión |
285 paginas ; |
| Dimensiones |
20 x 13 cm |
| 490 ## - MENCIÓN DE SERIE |
| Mención de serie |
Colección Argumentos ; |
| Volumen |
23 |
| 650 10 - PUNTO DE ACCESO ADICIONAL DE MATERIA--TÉRMINO DE MATERIA |
| 9 (RLIN) |
88 |
| Término de materia o nombre geográfico como elemento de entrada |
Lingüística |
| Subdivisión de forma |
Semiología |
| 650 20 - PUNTO DE ACCESO ADICIONAL DE MATERIA--TÉRMINO DE MATERIA |
| 9 (RLIN) |
3528 |
| Término de materia o nombre geográfico como elemento de entrada |
Lengua y lenguajes |
| Subdivisión de forma |
Comunicación |
| 942 ## - ELEMENTOS PERSONALIZADOS KOHA |
| Fuente del sistema de clasificación o colocación |
|
| Fecha de catalogación |
DD - MM - AA |
| Tipo de ítem Koha |
Libros |